000 00348nam a2200169Ia 4500
003 IT-RoPAU
008 120407s9999 xx 000 0 und d
040 _aIT-RoPAU
040 _cIT-RoPAU
100 _aFrank Ténot
245 _aDictionnaire du jazz
250 _aParis
260 _aLarousse
300 _c cm
490 _v1
942 _cBK
999 _c7357
_d7357